01794nam a2200433 i 450000100060000000300090000600500170001500800410003201500180007302000150009104000280010604100130013404600090014708000110015608000110016708000140017824504020019226000680059430000220066233600270068433700540071133800280076538000160079338800100080954600160081964800100083565000680084565000340091365000210094765800340096865800370100271000470103985600980108694200120118499900170119695200490121395200490126295200490131153943KOSZ 00520220913143828.0060524s2004 pl |000 0 pol  aPB 2006/11326 a8372281564 aWA NcWA NdKOSZ 005/HR1 apolheng k2004 a341.22 a346.52 a347.728.100aMiędzynarodowe Standardy Sprawozdawczości Finansowej (MSSF) 2004 :bobejmujące Międzynarodowe Standardy Rachunkowości (MSR) oraz Interpretacje według stanu na dzień 31 marca 2004 r. : kompletny tekst Międzynarodowych Standardów Sprawozdawczości Finansowej obowiązujących na dzień 31 marca 2004 r.nT. 2 /c[International Accounting Standards Committee Foundation (IASCF)]. a[Warszawa] :bStowarzyszenie Księgowych w Polsce,ccop. 2004. a1082 s. ;c24 cm. 2rdacontentaTekstbtxt 2rdamediaaBez urządzenia pośredniczącegobn 2rdacarrieraWoluminbnc aKsiążki a2001- aTł. z ang. 7a2001- 4aMiędzynarodowe Standardy Sprawozdawczości Finansowej (MSSF) 4aSprawozdawczość finansowa 4aRachunkowość aGospodarka, ekonomia, finanse aPrawo i wymiar sprawiedliwości2 aStowarzyszenie Księgowych w Polsce4pbl. uhttp://koha.tu.koszalin.pl/cgi-bin/koha/opac-detail.pl?biblionumber=53943yKatalog online BPK 2UKDcKS c53943d53943 00104070aBPKbBPKcwo76040p02278735yKS 00104070aBPKbBPKcwo76041p02278728yKS 00104070aBPKbBPKcwo84670p02372587yKS